Mecánica vectorial para ingenieros Dinamica
Gespeichert in:
| 1. Verfasser: | |
|---|---|
| Weitere Verfasser: | , |
| Format: | Buch |
| Veröffentlicht: |
México : McGraw-Hill
1979
|
| Schlagworte: | |
| Tags: |
Tag hinzufügen
Keine Tags, Fügen Sie den ersten Tag hinzu!
|
MARC
| LEADER | 00000nam a2200000Ia 4500 | ||
|---|---|---|---|
| 003 | 004025 | ||
| 005 | 20221231143937.0 | ||
| 008 | 140114s1979 mx a 000 ||s d | ||
| 040 | |c cru CEDI | ||
| 082 | |a 531 B415m | ||
| 100 | |a Beer, Ferdinand P |9 17075 | ||
| 245 | |a Mecánica vectorial para ingenieros |b Dinamica | ||
| 260 | |a México : McGraw-Hill |c 1979 | ||
| 300 | |a Tomo II | ||
| 650 | |x MECANICA |x ANALISIS VECTORIAL |x MECANICA APLICADA - PROBLEMAS, EJERCICIOS, ETC. |9 17081 | ||
| 700 | |9 17076 |a Johnston, Elwood Russell | ||
| 700 | |9 17080 |a Casas Reyes, José Vicente; (traductor/a) | ||
| 942 | |2 ddc |c BK | ||
| 999 | |c 14583 |d 14583 | ||
